000
00298nam a2200109Ia 4500
008
200302s9999 xx 000 0 und d
100
_a
Lester Walker
245
_a
American Shelter An Illustrated Encyclopedia of the American Home
260
_b
The Overlook Press
260
_c
1981
300
_a
320 P.,
999
_c
2388
_d
2388